Państwa Europy według flagi i pierwszej litery - whammies - Statystyki

Ogólne statystyki
  • Ten quiz został rozwiązany 9 522 razy
  • Średni wynik to 27 z 45
Statystyki odpowiedzi
Obrazkowy Odpowiedź % Poprawnych
Chorwacja
61%
Czechy
61%
Grecja
61%
Ukraina
61%
Albania
60%
Austria
60%
Belgia
60%
Białoruś
60%
Estonia
60%
Finlandia
60%
Francja
60%
Hiszpania
60%
Irlandia
60%
Litwa
60%
Łotwa
60%
Malta
60%
Monako
60%
Niemcy
60%
Polska
60%
Portugalia
60%
Rosja
60%
Słowacja
60%
Słowenia
60%
Szwajcaria
60%
Szwecja
60%
Watykan
60%
Wielka Brytania
60%
Włochy
60%
Bośnia i Hercegowina
59%
Bułgaria
59%
Dania
59%
Holandia
59%
Islandia
59%
Luksemburg
59%
Macedonia Północna
59%
Norwegia
59%
Rumunia
59%
Serbia
59%
Kosowo
58%
Liechtenstein
58%
San Marino
58%
Węgry
58%
Czarnogóra
57%
Mołdawia
56%
Andora
55%
Nie znaleziono quizów pasujących do podanych kryteriów
Rozkład punktacji
Procent ludzi z każdym wynikiem
Percentyl według liczby udzielonych odpowiedzi
Twoja historia wyników
Nie rozwiązałeś tego quizu